000
00261nam a2200109Ia 4500
008
190216s9999||||xx |||||||||||||| ||und||
100
_a
Heauer Doorly
245
4
_a
The Miracle Man
260
_b
Heinemann Educational Books Ltd
650
_a
English
942
_c
BK
999
_c
12424
_d
12424